000 00324nam a22001457a 4500
008 230206b ||||| |||| 00| 0 eng d
020 _a978032155713
041 _aeng
080 _2NINTH EDITION
_a51
082 _a51AIE
100 _a20
101 _aMATE
245 _aINTRODUCTORY ALGEBRA
_cLIAL AIE
942 _2udc
_cBK
999 _c59303
_d59303